Datum a čas kvízu
28.5
Celkem bodů
Celkový počet nahraných bodů na tomto kvízu bez doplňovacích otázek.
6.
Pořadí na kvízu
Konečné umístění týmu na tomto kvízu.
Zaznamenané odpovědi
| # | Otázka | Odpověď | Body | Výsledky |
|---|---|---|---|---|
| 1. | Uveďte lidový název pěvce, jen... | černohlávek | 0 | |
| 2. | Jeden americký stát zasáhla vl... | Florida | 1 | |
| 3. | Vstup ke které římské památce... | k fontáně di Trevi | 0 | |
| 4. | Do aukční historie se nově zap... | Rembrandt (Harmenszoon van Rijn) | 0 | |
| 5. | Přestože oficiální zahájení ol... | v curlingu | 1 | |
| 6. | 17. února 1600 byl na Campo de... | Giordano Bruno | 0 | |
| 7. | 1. ledna 1700 jeden ruský car... | Petr I. Veliký | 0 | |
| 8. | Za kulatý letopočet budeme dne... | Brouček | 1 | |
| 9. | 16. listopadu 1900 se v Olomou... | Eliška Junková | 1 | |
| 10. | Od 15. září do 1. října 2000 s... | Jan Železný; Sydney | 0.5 |